[Event "WchT Seniors 50"]
[Site "Radebeul"]
[Date "2016.07.03"]
[Round "8.10"]
[White "Seyb, Dieter"]
[Black "Tichatschke, Wolfgang"]
[Result "1-0"]
[WhiteElo "2265"]
[BlackElo "1975"]
[PlyCount "93"]
[EventDate "2016.06.26"]
[EventType "team-swiss"]
[EventRounds "9"]
[EventCountry "GER"]
[SourceTitle "CBM 173 Extra"]
[Source "ChessBase"]
[SourceDate "2016.08.29"]
[SourceVersion "1"]
[SourceVersionDate "2016.08.29"]
[SourceQuality "1"]
[WhiteTeam "Forchheim"]
[BlackTeam "Stiftung BSW/DBAG II"]
[WhiteTeamCountry "GER"]
[BlackTeamCountry "GER"]

1. e4 e6 2. d4 d5 3. Nc3 Bb4 4. e5 c5 5. Bd2 a6 6. a3 cxd4 7. axb4 dxc3 8. Bxc3 Ne7 9. Qg4 0-0 10. Nf3 Qc7 11. Bd3 g6 12. Qg5 Rd8 13. 0-0 Nec6 14. b5 d4 15. Bd2 Ne7 16. Qh6 Nd5 17. Bg5 Nd7 18. Bxd8 Qxd8 19. Ra4 Qf8 20. Qxf8+ Kxf8 21. bxa6 bxa6 22. Rxd4 Rb8 23. b3 Nb4 24. Be4 Nc5 25. c3 Na2 26. b4 Nxe4 27. Rxe4 Nxc3 28. Rc4 Nd5 29. Rfc1 Bd7 30. Ng5 Kg7 31. Ne4 Bb5 32. Rc8 Rb6 33. Nd6 Bd7 34. Ra8 Nxb4 35. Rb1 Bc6 36. Ra7 Bd5 37. Rxf7+ Kg8 38. Ra7 Rb8 39. h3 Ba2 40. Rb2 Bd5 41. Kh2 h6 42. Kg3 Bc6 43. Nc4 Bd5 44. Ne3 Ba2 45. Nc2 Nc6 46. Rxb8+ Nxb8 47. Ra8 1-0

[Event "GER-ch Seniors"]
[Site "Dresden"]
[Date "2012.08.13"]
[Round "5"]
[White "Tichatschke, Wolfgang"]
[Black "Jung, Michael"]
[Result "1/2-1/2"]
[WhiteElo "1998"]
[BlackElo "1803"]
[PlyCount "20"]
[EventDate "2012.08.09"]
[EventType "swiss"]
[EventRounds "9"]
[EventCountry "GER"]
[SourceTitle "EXT 2014"]
[Source "ChessBase"]
[SourceDate "2013.11.20"]
[SourceVersion "1"]
[SourceVersionDate "2013.11.20"]
[SourceQuality "1"]

1. e4 Nf6 2. e5 Nd5 3. d4 d6 4. Nf3 dxe5 5. dxe5 Bg4 6. Be2 e6 7. 0-0 Be7 8. c4 Nb6 9. Bf4 Nc6 10. Nbd2 0-0 1/2-1/2

[Event "GER Seniors Derby 09th"]
[Site "Wesel Undeloh"]
[Date "2010.04.08"]
[Round "2.9"]
[White "Bridger, Norman"]
[Black "Tichatschke, Wolfgang"]
[Result "0-1"]
[WhiteElo "1654"]
[BlackElo "1926"]
[PlyCount "128"]
[EventDate "2010.04.08"]
[EventType "swiss"]
[EventRounds "7"]
[EventCountry "GER"]
[SourceTitle "EXT 2022"]
[Source "ChessBase"]
[SourceDate "2021.10.06"]
[SourceVersion "1"]
[SourceVersionDate "2021.10.06"]
[SourceQuality "1"]

1. g4 d5 2. Bg2 c5 3. d3 Nc6 4. c4 dxc4 5. Bxc6+ bxc6 6. Qa4 cxd3 7. Qxc6+ Bd7 8. Qxc5 Rc8 9. Qe3 Qa5+ 10. Kf1 Qd5 11. f3 dxe2+ 12. Nxe2 e5 13. Nbc3 Qe6 14. Ne4 Bb5 15. Kg2 Be7 16. Bd2 Nf6 17. N2c3 Bc6 18. Nxf6+ Qxf6 19. Ne4 Qg6 20. Rac1 f5 21. Rxc6 Rxc6 22. Nf2 0-0 23. Qxe5 Re6 24. Qd5 Kh8 25. h3 Rd6 26. Qb7 Rxd2 27. Qxe7 Re8 28. Qb4 Rc2 29. Kg3 h6 30. Nd3 fxg4 31. Nf4 Qf6 32. hxg4 Rxb2 33. Qa4 Rf8 34. Rf1 Qd6 35. a3 Rd2 36. Qb4 Rf6 37. Qxd6 Rfxd6 38. Re1 Rd7 39. Re8+ Kh7 40. Ne6 Rb7 41. Ra8 Kg6 42. Nc5 Re7 43. a4 Rc2 44. Nd3 Ra2 45. Nf4+ Kf7 46. Nd5 Rd7 47. Nc3 Ra3 48. Ne4 Re7 49. Nc5 Rc7 50. Na6 Rcc3 51. Rxa7+ Kg6 52. Nc7 Rxf3+ 53. Kg2 Rfb3 54. Ra6+ Kg5 55. Re6 Rb2+ 56. Kf1 Ra1+ 57. Re1 Rxe1+ 58. Kxe1 Ra2 59. Ne6+ Kxg4 60. Nxg7 Rxa4 61. Kf2 h5 62. Ne8 Ra2+ 63. Kf1 Kg3 64. Nf6 Rf2+ 0-1

[Event "GER Seniors Derby 09th"]
[Site "Wesel Undeloh"]
[Date "2010.04.08"]
[Round "1.11"]
[White "Tichatschke, Wolfgang"]
[Black "Wagner, Richard1111"]
[Result "1-0"]
[WhiteElo "1926"]
[BlackElo "1493"]
[PlyCount "67"]
[EventDate "2010.04.08"]
[EventType "swiss"]
[EventRounds "7"]
[EventCountry "GER"]
[SourceTitle "EXT 2022"]
[Source "ChessBase"]
[SourceDate "2021.10.06"]
[SourceVersion "1"]
[SourceVersionDate "2021.10.06"]
[SourceQuality "1"]

1. e4 c5 2. Nf3 d6 3. d4 cxd4 4. Nxd4 Nf6 5. Nc3 a6 6. Bg5 e6 7. Bd3 Be7 8. 0-0 Nc6 9. Nxc6 bxc6 10. f4 Qb6+ 11. Kh1 Qxb2 12. Qd2 Qb6 13. e5 Nd5 14. Ne4 dxe5 15. fxe5 0-0 16. c4 Bxg5 17. Nxg5 Qe3 18. Qxe3 Nxe3 19. Bxh7+ Kh8 20. Rf4 Nf5 21. Bxf5 exf5 22. g4 f6 23. exf6 gxf6 24. Nf3 fxg4 25. Nd4 c5 26. Nf5 Bb7+ 27. Kg1 Rad8 28. Rb1 Ba8 29. Ne7 Rf7 30. Nf5 Bf3 31. Nh4 Rd1+ 32. Rxd1 Bxd1 33. Rf5 Re7 34. Ng6+ 1-0

[Event "Dresden ZMD op"]
[Site "Dresden"]
[Date "2003.07.30"]
[Round "6"]
[White "Hoffmann, Paul"]
[Black "Tichatschke, Wolfgang"]
[Result "1-0"]
[WhiteElo "2193"]
[BlackElo "1990"]
[PlyCount "83"]
[EventDate "2003.07.25"]
[EventType "swiss"]
[EventRounds "9"]
[EventCountry "GER"]
[SourceTitle "EXT 2004"]
[Source "ChessBase"]
[SourceDate "2003.11.25"]
[SourceVersion "1"]
[SourceVersionDate "2003.11.25"]
[SourceQuality "1"]

1. e4 e6 2. d4 d5 3. Nd2 c5 4. exd5 exd5 5. Ngf3 Nf6 6. c3 Be7 7. Be2 0-0 8. 0-0 b6 9. Ne5 Bb7 10. Bd3 Nc6 11. Ndf3 Nd7 12. Ng4 Qc7 13. Ne3 Rfe8 14. Nxd5 Qd6 15. dxc5 Nxc5 16. Bf4 Qd7 17. Bb5 Qf5 18. Bg3 Rad8 19. Bxc6 Rxd5 20. Qxd5 Qxd5 21. Bxd5 Bxd5 22. Rfd1 Be4 23. Ne5 f6 24. f3 fxe5 25. fxe4 Bg5 26. Re1 Nd3 27. Re2 Nc1 28. Rc2 Nd3 29. Rf1 Be3+ 30. Kh1 Nc5 31. Re2 Bh6 32. Rd1 g6 33. b4 Na4 34. Rc2 Bf8 35. Rd7 a6 36. Bh4 Rc8 37. Rd8 Rc7 38. Rf2 Rf7 39. Rc8 Kg7 40. Bf6+ Kh6 41. Bg5+ Kg7 42. Bh6+ 1-0